000 00735nam a2200253Ia 4500
003 OSt
005 20220928102223.0
006 a|||||r|||| 00| 0
007 ta
008 220927b |||||||| |||| 00| 0 eng d
024 _a3881
037 _cTextual
040 _aSDCL
_cSDCL
_beng
041 _2eng
_aeng
082 _aO-(Y15):g, P5
100 _aHussain Yasmin
_9397205
245 0 _aWriting diaspora
_bSouth Asian women,culture and ethnicity.
260 _aEngland
_bAshgate
_c2005
300 _a148p.
_ccm.
490 _aStudies in migretion and diaspora.
650 _aWomen Writers-English Literature
_9397206
942 _hO-(Y15):g, P5
_cTEXL
_2CC
999 _c712995
_d712995